Najwięksi producenci ryżu na świecie - Statystyki

Ogólne statystyki
  • Ten quiz został rozwiązany 87 razy
  • Średni wynik to 12 z 15
Statystyki odpowiedzi
Hint Odpowiedź % Poprawnych
214 078 796 Chiny
100%
9 727 500 Japonia
99%
172 580 000 Indie
97%
83 037 000 Indonezja
90%
10 170 040 Stany Zjednoczone Ameryki
86%
32 192 087 Tajlandia
86%
44 046 250 Wietnam
86%
11 749 192 Brazylia
81%
5 195 437 Korea Południowa
77%
56 417 319 Bangladesz
71%
10 802 949 Pakistan
69%
19 066 094 Filipiny
64%
10 647 212 Kambodża
64%
25 418 142 Mjanma
60%
6 809 327 Nigeria
32%
Nie znaleziono quizów pasujących do podanych kryteriów
Rozkład punktacji
Procent ludzi z każdym wynikiem
Percentyl według liczby udzielonych odpowiedzi
Twoja historia wyników
Nie rozwiązałeś tego quizu